000 01098nam0a22002771 4500
001 rc\4606981
005 20250611204536.0
021 _aRU
_bП1403-67
035 _a(NLR Aleph) 008391406
090 _a9179624
_c9179624
100 _a20130416d1967 |||y0rusy50 ca
101 0 _arus
102 _aRU
105 _aa z |||||
200 1 _aОпыт применения переносных устройств двусторонней автоблокировки
_f[Ред. инж. О.А. Клиот]
_gМПС СССР. Центр. ин-т науч.-техн. информации и пропаганды ж.-д. транспорта
210 _aМосква
_cБ. и.
_d1967
215 _a26 с.
_cил.
_d20
225 1 _aАвтоматика и вычислительная техника
_eСерия
_vВып. 30
300 _aНа обл. только загл. серии
300 _aОтпеч. множит. аппаратом
702 1 _aКлиот
_bО.А.
_4340
801 0 _aRU
_bNLR
_gpsbo
801 1 _aRU
_bELAR
_2rusmarc
852 _aNLR
_jП10/2867
942 _cBOOK
980 _aNB